Open Data Biblioteca Nacional de Portugal


República Portuguesa: Ministério da Cultura
Biblioteca Nacional de Portugal

Catálogo da BNP: acesso por Identificadores Unívocos
Registos Bibliográficos associados ao registo de autoridade

Etiqueta de registo: 00254nam 2200025 450
001 2284452
003 http://id.bnportugal.gov.pt/bib/catbnp/2284452
010 ## $a978-972-8776-10-7
021 ## $aPT$b558209/25
100 ## $a20260415d2025 m d0pory01030103ba
101 0# $apor
102 ## $aPT
105 ## $aa b 000yy
106 ## $ar
200 1# $aPaisagem açoriana$ecoleção Luís Negrão e família$fcuradoria Hugo Santos Silva$gtextos Marco Lopes... [et al.]$gfot. Ricardo Nascimento, Vasco Célio, Rui Santos Jorge
210 #9 $aFaro$cMuseu Municipal de Faro,$d2025
215 ## $a84, [4] p.$cil.$d23 cm
702 #1 $aCélio,$bVasco$4600$31995785
702 #1 $aSilva,$bHugo Santos$4273$31995784
702 #1 $aLopes,$bMarco$4340$31210694
702 #1 $aJorge,$bRui Santos$4600$31937572
702 #1 $92$aNascimento,$bRicardo$4600$31592909
801 #0 $aPT$bBN$gRPC
966 ## $lBN$mFGMON$x1
966 ## $lBN$mFGMON$x1
971 ## $ccsilva$d20260415

OpendataBNP@bnportugal.pt | Mais informação sobre acesso aos dados BNP